00359nam a2200121 a 4500008004100000020001500041050001700056100002300073245002400096246006000120260004800180350000900228120416s0000 ||||||||||||||||| || u a0521578825 aQC 125.2 Mac aMcCauley, Joseph L10aClassical mechanics atransformations, flows, integrable and chaotic dynamics aCambridgebCambridge University Pressc1997 a0.00